000 00634nam a22001217a 4500
040 _cRUA
082 _aAVM CHU 2025 B705 Or.1
100 _aCHUON SAVEUN, ជួន សាវឺន
245 _aCase of salmonella spp. resistant to antibiotics in nursery pig in boeng krum commune, lvea aem district, kandal province, ករណី SALMONELLA SPP. ស៊ាំនឹងអង់ទីប៊ីយ៉ូទិកលើកូនជ្រូក នៅឃុំបឹងគ្រុំ ស្រុកល្វាឯម ខេត្តកណ្ដាល
260 _aPHNOM PENH
_bRUA
_c2025
300 _ax,32p.
_bill.
_c29cm.
942 _cAVM
999 _c25823
_d25823